01383cam a22003734i 4500003000900000005001700009008004100026020001500067020001800082035002000100040003300120041001300153082001600166245016200182264005700344300004700401336002100448337002300469338002300492490004300515504003600558505031900594526001000913526001000923526001000933526001000943526000800953526000800961526000800969526000800977526000800985526000800993526000801001PE-LiUPU20250731172855.0160822s r 000 0 spa d a8422014459 a9788422014454 a(Sirsi) a163062 aPE-LiUPUbspacPE-LiUPUerda1 hlataspa04a220bE6220 aEnquiridion bíblico :b documentos de la Iglesia sobre la Sagrada Escritura /cedición española preparada por Carlos Granados y Luis Sánchez Navarro. aMadrid :b Biblioteca de Autores Cristianos, c2010. axxvii, 1806 páginas ;c20 centímetros. atext2rdacontent aunmediated2rdamed avolume2rdacarrier0 aBiblioteca de autores cristianos;v691 aÍndice : páginas 1779-1806.0 aCanon de Muratori -- Concilio de Laodicea -- Antiguos estatuos de la Iglesia -- Concilio de Vienne -- Sobre la autenticidad de mosaica del pentateuco -- Sobre el cuarto evangelio -- Sobre la carta de Hebreos -- La verdad histórica de los evangelios -- La revelación divina -- Sagrada escritura y cristología. aSEG42 aSEG41 aSEG40 aSEG39 aP94 aP87 aP86 aP85 aP77 aP76 aP35